| 000 | 00673nam a2200181Ia 4500 | ||
|---|---|---|---|
| 008 | 090630s9999 xx 000 0 und d | ||
| 082 | _b11265 | ||
| 100 | _aरावजी आशु - कानडे दिनू. | ||
| 245 |
_aरंजन शेठ. _cरावजी आशु - कानडे दिनू. |
||
| 260 |
_bडॉल्फीन - गोवा. _c1991 |
||
| 300 | _a194 | ||
| 600 | _aरावजी आशु - कानडे दिनू. | ||
| 630 | _aरंजन शेठ. | ||
| 655 | _aकादंबरी. | ||
| 700 | _aरावजी आशु - कानडे दिनू. | ||
| 730 | _aरंजन शेठ. | ||
| 942 | _cBOOK | ||
| 999 |
_c263121 _d263121 |
||